00374nam a2200133Ia 450000500170000000800410001702000150005808200130007310000200008624500240010626000240013030000120015450000740016620250623022600.0240331s9999 xx 000 0 und d a9559111000 bPUNa323 aPunchihewa, S.G 0aMinis ayithiwasakam aColombobMDDRc1990 a72 p ., aA statement from the movement for the Protection of democratic Rights